पहला स्वाधीनता संग्राम (Record no. 52736)

MARC details
000 -LEADER
fixed length control field 01479nam a22002657a 4500
005 - DATE AND TIME OF LATEST TRANSACTION
control field 20081126161640.0
008 - FIXED-LENGTH DATA ELEMENTS--GENERAL INFORMATION
fixed length control field 081126t xxu||||| |||| 00| 0hin d
010 ## - LCCN (DPL NO)
LC control number HIN-92851
020 ## - INTERNATIONAL STANDARD BOOK NUMBER
International Standard Book Number 8190419501
Terms of availability 295.00
035 ## - SYSTEM CONTROL NUMBER
System control number HN-65197
037 ## - SOURCE OF ACQUISITION
Source of stock number/acquisition DBAD/PUB
040 ## - CATALOGING SOURCE
Original cataloging agency DPL
Language of cataloging HN
082 ## - DEWEY DECIMAL CLASSIFICATION NUMBER
Classification number 954.083
100 ## - MAIN ENTRY--PERSONAL NAME
Personal name गुप्त, रमेश मिलन
9 (RLIN) 1965
110 ## - MAIN ENTRY--CORPORATE NAME
Corporate name or jurisdiction name as entry element खत्री, अयोध्या प्रसाद द्वारा संकलित;रामनिरंजन परिमलेन्दु धावारा संपादित
9 (RLIN) 1966
245 ## - TITLE STATEMENT
Title पहला स्वाधीनता संग्राम
Statement of responsibility, etc रमेश गुप्त मिलन
246 ## - VARYING FORM OF TITLE
Title proper/short title Pahalaa swaadhintaa sangraama
Remainder of title by Ramesh Gupt ' Milan '
260 ## - PUBLICATION, DISTRIBUTION, ETC. (IMPRINT)
Place of publication, distribution, etc दिल्ली
Name of publisher, distributor, etc हिमालय प्रकाशन
Date of publication, distribution, etc 2011
270 ## - ADDRESS
Address ए-76/4, गली नं.12, ईस्ट आजाद नगर
City दिल्ली
Postal code 110051
300 ## - PHYSICAL DESCRIPTION
Extent 207पृ.
Dimensions 21सेमी(सजिल्द)
Other physical details सचित्र
651 ## - SUBJECT ADDED ENTRY--GEOGRAPHIC NAME
Geographic name भारत
General subdivision इतिहास
Chronological subdivision सैन्य विद्रोह, 1857-1858
9 (RLIN) 1967
651 ## - SUBJECT ADDED ENTRY--GEOGRAPHIC NAME
Geographic name India
General subdivision History
Chronological subdivision Sepoy Rebellion, 1857-1858
9 (RLIN) 1968
942 ## - ADDED ENTRY ELEMENTS (KOHA)
Source of classification or shelving scheme Dewey Decimal Classification
Item type Hindi Books
Classification part 954.083
Call number suffix गुप्तर
Holdings
Withdrawn status Lost status Source of classification or shelving scheme Damaged status Not for loan Collection code Home library Current library Date acquired Source of acquisition Cost, normal purchase price Total Checkouts Full call number Barcode Date last seen Copy number Cost, replacement price Koha item type
    Dewey Decimal Classification   Not For Loan Non-fiction D.B.Act.Division D.B.Act.Division 06/06/2011 DBAD / PUB 295.00   954.083 गुप्तर HN-65197 06/06/2011 1 295.00 Hindi Books

© Delhi Public Library
Hit Counter
free hit counter